ULTRAKILL Quiz - Statistics

General Stats
  • This quiz has been taken 468 times
  • The average score is 25 of 32
Answer Stats
Hint Answer % Correct
Made to destroy the 1000-THR. V1
95%
Killed King Minos. Gabriel
93%
Guardian of Hell. Cerberus
92%
Made for defense. V2
92%
Driven purely by hunger. Filth
90%
Soul of King Minos. Minos Prime
90%
Designed to kill Guttermen. Guttertank
88%
Contains Minos Prime. Flesh Prison
86%
Blessed by Gabriel. Ferryman
83%
Will destroy you. Sisyphus Prime
83%
Instance of too much Hell Mass in a single shell. Hideous Mass
81%
Immune to non-red explosions. Soldier
81%
Only enemy that kills itself. Stalker
81%
Afraid of danger. Stray
81%
Completely immune to explosives. Malicious Face
80%
Can dodge attacks. Streetcleaner
80%
Made to patrol cities. Drone
79%
Created by Ferrymen. Idol
79%
Two husks merged into one. Schism
78%
Made to house Sisyphus and his followers. Flesh Panopticon
77%
Made of mostly plastic. Mindflayer
76%
Made as a gift for King Minos. Minotaur
76%
Are sentient and can feel empathy. Gutterman
75%
Sees in 4K vision. Sentry
75%
Copies of him are fought throughout the game. Swordsmachine
75%
Formed of the Sullen in Wrath. Leviathan
74%
His soul is trapped in this body. Corpse of King Minos
69%
Inspired off of the Gutterman. Mannequin
68%
Supposed to have eyes. Virtue
66%
Ended the Final War. 1000-THR Earthmover
57%
Covered in blood to protect against sand. Insurrectionist
48%
Protects the 1000-THR's internal organs. 1000-THR Defense System
43%
No matching quizzes found
Score Distribution
Percent of People with Each Score
Percentile by Number Answered
Your Score History
You have not taken this quiz